[Event "Pontevedra U1600 op 1st"]
[Site "Pontevedra"]
[Date "2017.07.02"]
[Round "5.7"]
[White "Garcia Diaz, Mariano"]
[Black "Otero Seijo, Javier"]
[Result "0-1"]
[WhiteElo "1207"]
[BlackElo "1473"]
[PlyCount "104"]
[EventDate "2017.07.01"]
[EventType "swiss"]
[EventRounds "6"]
[EventCountry "ESP"]
[SourceTitle "EXT 2024"]
[Source "ChessBase"]
[SourceDate "2023.10.10"]
[SourceVersion "1"]
[SourceVersionDate "2023.10.10"]
[SourceQuality "1"]

1. d4 d5 2. Bf4 e6 3. Nf3 Nf6 4. h3 Be7 5. e3 0-0 6. Nbd2 Nbd7 7. c4 c6 8. cxd5 exd5 9. Bd3 Bb4 10. a3 Ba5 11. b4 Bc7 12. Bxc7 Qxc7 13. Rc1 Qd6 14. Nf1 Re8 15. Ng3 Ne4 16. Ne2 Ndf6 17. Ne5 Nd7 18. Nxd7 Bxd7 19. f3 Ng3 20. Nxg3 Qxg3+ 21. Kf1 Rxe3 22. Rc2 Rae8 23. Re2 Qf4 24. Qd2 Qg5 25. Rxe3 Qxe3 26. Qxe3 Rxe3 27. Be2 Rxa3 28. Kf2 Rb3 29. Ra1 Rxb4 30. Rxa7 g6 31. g4 Kf8 32. Ba6 bxa6 33. Rxd7 Rxd4 34. Rb7 a5 35. Rb6 Rc4 36. Ra6 a4 37. Ke3 c5 38. Ra5 Ke7 39. Ra6 Rb4 40. Ra5 Kd6 41. Ra6+ Ke5 42. Ra5 d4+ 43. Kd3 Kd5 44. f4 Rb3+ 45. Kc2 Kc4 46. h4 Rc3+ 47. Kd2 a3 48. Ra7 Kb4 49. Rb7+ Ka4 50. f5 a2 51. f6 Ra3 52. Ra7+ Kb4 0-1

[Event "Pontevedra U1600 op 1st"]
[Site "Pontevedra"]
[Date "2017.07.01"]
[Round "3.2"]
[White "Garcia Camina, Belarmino"]
[Black "Otero Seijo, Javier"]
[Result "1-0"]
[WhiteElo "1251"]
[BlackElo "1473"]
[PlyCount "53"]
[EventDate "2017.07.01"]
[EventType "swiss"]
[EventRounds "6"]
[EventCountry "ESP"]
[SourceTitle "EXT 2024"]
[Source "ChessBase"]
[SourceDate "2023.10.10"]
[SourceVersion "1"]
[SourceVersionDate "2023.10.10"]
[SourceQuality "1"]

1. d4 d5 2. c4 c6 3. Nc3 e6 4. Nf3 Nf6 5. Bg5 Be7 6. e3 0-0 7. Bd3 Nbd7 8. cxd5 exd5 9. 0-0 Re8 10. Re1 Bd6 11. Qc2 Qc7 12. e4 dxe4 13. Nxe4 Nxe4 14. Bxe4 g6 15. Rac1 Nf8 16. d5 c5 17. Qc3 b6 18. Bh6 Be5 19. Nxe5 Qxe5 20. Qxe5 Rxe5 21. d6 Nd7 22. Bxa8 f6 23. Rxe5 Nxe5 24. Bd5+ Kh8 25. Bf4 Nd3 26. Rc4 Ba6 27. d7 1-0